Important People of the 18th century - Statistics

General Stats
  • This quiz has been taken 87 times
    77 since last reset
  • The average score is 14 of 40
Answer Stats
Hint Answer % Correct
USA (President) George Washington
95%
USA (President) John Adams
94%
Russia (Queen) Catherine II
84%
Austria (Musician) Wolfgang Amadeus Mozart
84%
USA (Inventor) Benjamin Franklin
81%
UK (Pirate) Blackbeard
74%
France (Queen) Marie Antoinette
74%
UK (Economist) Adam Smith
73%
Russia (Emperor) Peter I
71%
UK (Explorer) James Cook
69%
UK (Queen) Anne
65%
Germany (Philosopher) Immanuel Kant
53%
USA (Politician) Alexander Hamilton
50%
France (Philosopher) Voltaire
50%
Germany (King) Frederick II
40%
Germany (Poet) Johann Wolfgang von Goethe
40%
Austria (Queen) Maria Theresa
35%
Switzerland (Philosopher) Jean Jacques Rousseau
32%
UK (Inventor) James Watt
29%
Sweden (King) Charles XII
27%
Switzerland (Scientist) Leonhard Euler
26%
France (Lawyer) Maximilien de Robespierre
18%
Italy (Pope) Pius VI
18%
UK (Scientist) Edward Jenner
11%
USA (King) Kamehameha I
10%
China (Emperor) Qianlong
8%
Thailand (King) Rama I
8%
Afghanistan (King) Ahmad Shah Durrani
5%
Italy (Author) Giacomo Casanova
5%
Germany (Lawyer) Adam Weishaupt
3%
India (Peshwa) Baji Rao I
3%
USA (Chief) Little Turtle
3%
Turkey (Sultan) Mahmud I
3%
Nigeria (Activist) Olaudah Equiano
3%
Iran (Shah) Karim Khan Zand
2%
Senegal (Poet) Phillis Wheatley
2%
India (Sultan) Tipu Sultan
2%
Peru (Rebell) Jose Gabriel Condorcanqui
0%
Saudi Arabia (Emir) Muhammad bin Saud Al Muqrin
0%
Ghana (King) Opoku Ware I
0%
No matching quizzes found
Score Distribution
Percent of People with Each Score
Percentile by Number Answered
Your Score History
You have not taken this quiz since the last reset